Ehemalige Länder nach Hauptstadt - Statistiken

Allgemein
  • Dieses Quiz wurde 10.546 mal gespielt
    10.454 seit der letzten Aktualisierung
  • Das Durchschnittsergebnis liegt bei 10 aus 17
Antwortstatistiken
Letztes Jahr
indem es existierte
Hauptstadt Land % Korrekt
1990 Ost-Berlin Deutsche Demokratische Republik
96%
1991 Moskau Sowjetunion
94%
1992 Belgrad Jugoslawien
86%
1992 Prag Tschechoslowakei
85%
1923 Istanbul Osmanisches Reich
76%
1707 Edinburgh Schottland
69%
1871 Berlin Preußen
68%
1918 München Bayern
67%
1898 Honolulu Hawaii
66%
1846 Austin Texas
52%
1453 Konstantinopel Byzantinisches Reich
47%
1533 Cusco Inkareich
39%
1521 Tenochtitlan Aztekenreich
38%
1975 Saigon Südvietnam
35%
1902 Hanseong Korea
31%
1951 Lhasa Tibet
30%
1860 Florenz Toskana
30%
Keine übereinstimmenden Quizze gefunden
Verteilung der Resultate
Anzahl Personen mit jedem Resultat
Perzentil nach korrekt beantworteten Fragen
Ihre Resultats-Entwicklung
Sie haben dieses Quiz seit der letzten Aktualisierung nicht gespielt